| 000 | 01528nam a22003617a 4500 | ||
|---|---|---|---|
| 001 | 12651683 | ||
| 003 | OSt | ||
| 005 | 20210419081355.0 | ||
| 008 | 020122s2000 gs a 000 0 geoo | ||
| 010 | _a 2001427842 | ||
| 020 | _a9992877618 | ||
| 040 |
_aDLC _cDLC _beng |
||
| 041 | 0 | _ageoeng | |
| 043 | _aa-gs--- | ||
| 050 | 0 | 0 |
_aLG332.7 _b.T39 2000 |
| 080 |
_a94 (479.22) _bM-29 |
||
| 100 |
_91221 _aმარგველაშვილი, პარმენ / Margvelashvili, Parmen |
||
| 245 | 0 | 0 |
_aTażari : _bIvane Javaxišvilis saxelobis Tʻbilisis saxelmcipʻo universiteti ; Kʻartʻuli saganmanatʻleblo da samecʻniero cʻentri / _c[tekʻstis avtori, Parmen Margvelašvili = The temple : the I. Javakhishvili Tbilisi State University ; Georgian educational and scientific centre / text, Parmen Margvelashvili. |
| 246 | 3 | 1 | _aTemple |
| 260 |
_aTbilisi _bTbilisi State University Press _c2000. |
||
| 300 |
_a176 p. _bill. (some col.) _c27 cm. |
||
| 546 | _aGeorgian and English. | ||
| 610 | 2 | 0 |
_aTʻbilisis saxelmcipʻo universiteti _xHistory. |
| 650 | 0 |
_aUniversities and colleges _zGeorgia (Republic). |
|
| 650 | 0 |
_aHistory of Georgia _9120 |
|
| 650 | 0 |
_aEducation _zGeorgia (Republic). |
|
| 651 | 0 |
_aGeorgia (Republic) _xHistory. |
|
| 653 | _aსაქართველოს ისტორია | ||
| 700 | 1 |
_aMargvelašvili, Parmen, _d1943- |
|
| 906 |
_a7 _bcbc _corignew _d2 _encip _f20 _gy-gencatlg |
||
| 942 |
_2udc _cBK |
||
| 999 |
_c1862 _d1862 |
||